000 00599nam a22001817a 4500
003 CEME
005 20210628204625.0
008 210120b xxu||||| |||| 00| 0 eng d
020 _a0-471-12839-2
040 _c.
082 _a621.3822 BRO'I
100 _aHwang, P. Y. C Brown, R. G
_971333
245 _aIntroduction to random signals and applied kalman filtering with matlab excercises and solution
260 _aNEWYORK
_bJOHN WILEY
_c1997
300 _a484P
650 _aMATLAB KALMAN FILTERING DATA PROCESING RANDOM NOISE THORY SIGNAL PROCESSING DATA PROCESSING
_971334
942 _cBK
_2ddc
999 _c577908
_d577908